000
00193 a2200097 4500
020
_a
9780743269261
041
_a
eng
100
_a
Gregory, philippa
245
_a
The virgin's Lover
942
_c
BK
999
_c
14402
_d
14402